Špeciálna technická keramika. STN 72 7516. P CEN/TS 1071-8 : Skúšobné metódy pre keramické povlaky. Časť 8: Vrubová skúška hodnotenia adhézie podľa Rockwella. 1.10.2005
Salvato in:
| Natura: | Libro |
|---|---|
| Lingua: | inglese |
| Pubblicazione: |
Bratislava :
SUTN,
2005
|
| Soggetti: | |
| Tags: |
Nessun Tag, puoi essere il primo ad aggiungerne!!
|
MARC
| LEADER | 00000nam a22000003a 4500 | ||
|---|---|---|---|
| 001 | stu191970 | ||
| 005 | 20150408163955.6 | ||
| 008 | 091009s2003----xo------------------eng-d | ||
| 040 | |a STU |b slo | ||
| 041 | 0 | |a eng | |
| 044 | |a xo | ||
| 245 | |a Špeciálna technická keramika. STN 72 7516. P CEN/TS 1071-8 : |b Skúšobné metódy pre keramické povlaky. Časť 8: Vrubová skúška hodnotenia adhézie podľa Rockwella. 1.10.2005 | ||
| 260 | |a Bratislava : |b SUTN, |c 2005 | ||
| 300 | |a 9 s | ||
| 650 | 7 | |a keramické povlaky |2 stusub | |
| 650 | 7 | |a technická keramika |2 stusub | |
| 996 | |b 284M071131 |c M*N-1338 |l MMKN |s A |a 24 |w stu191970_0001 | ||